000 00303nam a22001337a 4500
008 170809b xxu||||| |||| 00| 0 eng d
020 _a9780760050439
041 _aeng
080 _a004
100 _a35
101 _aSHK
245 _aAN INTRODUCTION TO JAVA PROGRAMMING
_cSTOKER,C
942 _2udc
_cBK
999 _c22982
_d22982